Estimating Construction Costs (Record no. 31322)

MARC details
000 -LEADER
fixed length control field 00332nam a22001457a 4500
003 - CONTROL NUMBER IDENTIFIER
control field OSt
005 - DATE AND TIME OF LATEST TRANSACTION
control field 20220223103704.0
008 - FIXED-LENGTH DATA ELEMENTS--GENERAL INFORMATION
fixed length control field 220223b |||||||| |||| 00| 0 eng d
020 ## - INTERNATIONAL STANDARD BOOK NUMBER
International Standard Book Number 0071239456
040 ## - CATALOGING SOURCE
Transcribing agency HU
082 ## - DEWEY DECIMAL CLASSIFICATION NUMBER
Edition number 5th
Classification number 692
100 ## - MAIN ENTRY--PERSONAL NAME
Personal name Peurifoy
9 (RLIN) 31258
245 ## - TITLE STATEMENT
Title Estimating Construction Costs
942 ## - ADDED ENTRY ELEMENTS (KOHA)
Source of classification or shelving scheme Dewey Decimal Classification
Koha item type Books like text book referance book
Suppress in OPAC No
Holdings
Withdrawn status Lost status Source of classification or shelving scheme Damaged status Not for loan Home library Current library Shelving location Date acquired Total Checkouts Full call number Barcode Date last seen Copy number Price effective from Koha item type
    Dewey Decimal Classification     IoT Library IoT Library General Stacks 02/23/2022   692.5/PEU/2002 IOTL0015401 02/23/2022 1 02/23/2022 Books like text book referance book
    Dewey Decimal Classification     IoT Library IoT Library General Stacks 02/23/2022   692.5/PEU/2002 IOTL0015402 02/23/2022 2 02/23/2022 Books like text book referance book
    Dewey Decimal Classification     IoT Library IoT Library General Stacks 02/23/2022   692.5/PEU/2002 IOTL0015403 02/23/2022 3 02/23/2022 Books like text book referance book
    Dewey Decimal Classification     IoT Library IoT Library General Stacks 02/23/2022   692.5/PEU/2002 IOTL0015404 02/23/2022 4 02/23/2022 Books like text book referance book
    Dewey Decimal Classification     IoT Library IoT Library General Stacks 02/23/2022   692.5/PEU/2002 IOTL0015405 02/23/2022 5 02/23/2022 Books like text book referance book
    Dewey Decimal Classification     IoT Library IoT Library General Stacks 02/23/2022   692.5/PEU/2002 IOTL0015406 02/23/2022 6 02/23/2022 Books like text book referance book
    Dewey Decimal Classification     IoT Library IoT Library General Stacks 02/23/2022   692.5/PEU/2002 IOTL0015407 02/23/2022 7 02/23/2022 Books like text book referance book
    Dewey Decimal Classification     IoT Library IoT Library General Stacks 02/23/2022   692.5/PEU/2002 IOTL0015408 02/23/2022 8 02/23/2022 Books like text book referance book
    Dewey Decimal Classification     IoT Library IoT Library General Stacks 02/23/2022   692.5/PEU/2002 IOTL0015409 02/23/2022 9 02/23/2022 Books like text book referance book
    Dewey Decimal Classification     IoT Library IoT Library General Stacks 02/23/2022   692.5/PEU/2002 IOTL0015410 02/23/2022 10 02/23/2022 Books like text book referance book